| 000 | 03220cam a2200361Ia 4500 | ||
|---|---|---|---|
| 999 |
_c77240 _d314517 |
||
| 001 | 802294394 | ||
| 003 | OCoLC | ||
| 005 | 20190821154126.0 | ||
| 008 | 111130s2013 enka b 001 0 eng d | ||
| 015 |
_aGBB272333 _2bnb |
||
| 020 | _a9780702068645 | ||
| 020 | _a0702042269 (hbk.) | ||
| 035 | _a.b34780075 | ||
| 035 |
_a(OCoLC)802294394 _z(OCoLC)808416836 |
||
| 040 |
_aUKMGB _beng _cUKMGB _dOCLCO _dYDXCP _dYNK _dCOU _dPAU _dBWX _dBTCTA |
||
| 050 | 4 |
_aQM556 _b.B36 2013 |
|
| 082 | 0 | 4 |
_a616.07583 _223 _bBAT |
| 096 |
_aQS 525 _bT396 2013 |
||
| 245 | 0 | 0 |
_aBancroft's theory and practice of histological techniques / _c[edited by] S. Kim Suvarna, Christopher Layton, John D. Bancroft |
| 246 | 3 | 0 | _aTheory and practice of histological techniques |
| 250 | _a7th ed | ||
| 260 |
_a[Oxford] : _bChurchill Livingstone, _cc2013 |
||
| 300 |
_axiv, 637 p. : _bill. (chiefly col.) ; _c26 cm |
||
| 500 | _aPrevious ed.: 2008 | ||
| 504 | _aIncludes bibliographical references and index | ||
| 505 | 0 | _aManaging the laboratory / Louise Dunk -- Safety and ergonomics in the laboratory / John D. Bancroft -- Light microscopy / John D. Bancroft and Alton D. Floyd -- Fixation of tissues / Anthony Rhodes -- The gross room/surgical cut-up / S. Kim Suvarna and Christopher Layton -- Tissue processing and microarray / Lena T. Spencer, John D. Bancroft, and Wanda Grace Jones -- Microtomy : paraffin and frozen / Lena T. Spencer and John D. Bancroft -- Plastic embedding for light microscopy / Neil M. Hand -- How histological stains work / Richard W. Horobin -- The hematoxylins and eosin / John D. Bancroft and Christopher Layton -- Connective and mesenchymal tissues with their stains / John D. Bancroft and Christopher Layton -- Carbohydrates / Christopher Layton and John D. Bancroft -- Pigments and minerals / Guy E. Orchard -- Amyloid / Janet A. Gilbertson and Toby Hunt -- Microorganisms / Jeanine H. Bartlett -- Bone / Diane L. Sterchi -- Techniques in neuropathology / J. Robin Highley and Nicky Sullivan -- Immunohistochemical techniques / Peter Jackson and David Blythe -- Immunofluorescent techniques / Graeme Wild -- Immunohistochemistry quality control / Tracy Sanderson and Gregory Zardin -- Molecular pathology / Diane L. Sterchi and Caroline Astbury -- Transmission electron microscopy / Anthony E. Woods and John W. Stirling -- Quantittive data from microscopic specimens / Alton D. Floyd -- Appendix I : classical histochemical methods / John D. Bancroft and Jennifer H. Stonard -- Appendix II : applications of immunohistochemistry / Laura J. Keeling and Sherin Jos Payyappilly -- Appendix III : measurement units / Jennifer H. Stonard -- Appendix IV : preparation of solutions / Danielle Maddocks -- Appendix V : buffer solutions / Paul Samuel -- Appendix VI : solubility of some common reagents and dyes / Stuart Inglut -- Appendix VII : mounting media and slide coatings / Ann Michelle Moon -- Appendix VIII : Molecular pathology reagents / Diane L. Sterchi | |
| 650 | 0 |
_aHistology, Pathological _xTechnique _974722 |
|
| 650 | 1 | 2 |
_aHistological Techniques _974723 |
| 700 | 1 |
_aSuvarna, S. Kim _974724 |
|
| 700 | 1 |
_aLayton, Christopher, _cPhD _974725 |
|
| 700 | 1 |
_aBancroft, John D _974726 |
|
| 942 |
_2ddc _cBOOK |
||